00786nam a2200205 a 4500008004100000020002200041100003300063245013100096246005500227260004800282300003300330440009100363504004100454700001600495700002000511700002200531003000100553005001700554040000900571  a188283903X (pbk.)1 aFranco, Lynne. Miller et al.10aMonotoring and evaluating programmes :bprimary health care management advanced programme /cLynne Miller Franco....... et al. aPrimary Health Care Management Advanced Programme. aWashington DC:bAga Khan Foundation,c1993. aii, 112 p. :bill. ;c22 cm. aThe PHC map series of modules, guides and reference materials - Module 5 user's guide. aIncludes bibliographical references. aNeeraj Kak. aReynolds, Jack. aRichardson, Paul.20230120204135.0 cNUST